000 02090cam a2200613 4500
008 090401t1995 xxu||||| |||| 00| 0 eng d
020 _a095200805X
035 _a(Sirsi) u39897
041 _aeng
050 _a690.241
_c18
245 4 _aThe conservation and and repair of ecclesiastical buildings
250 _a2nd ed.
260 _aLondon
_bCathedral Communications Limited
_c1995
300 _a47p.
_bill.
_c30cm.
350 _a5.95
490 _aBuilding Conservation Directory Special Report
_v1
505 _aA question of ethics
505 _aBellframes
505 _aPrecision treatment of deathwatch beetle attack
505 _aChurch of St Mary the Virgin : conservation of the rood screen
505 _aEcclesiastical exemption
505 _aConservation and the synagogue
505 _aThe inspection, repair and recording of church windows
505 _aBSMGP accreditation scheme update
505 _aA reminder of new health and safety requirements
505 _aUK cathedral floor damage survey
505 _aEcclesiastical monuments : conservation programme notes
505 _aA weighty business : the structure of stone masonry
505 _aFunding repairs
520 _aAn annual looking at issues surrounding the conservation and repair of churches which includes a directory of useful orgnaisations, products and services.
650 _aBELLFRAMES
650 _aBUILDING CONSERVATION DIRECTORY
650 _aCHURCHES
650 _aECCLESIASTICAL BUILDINGS
650 _aRESTORATION
650 _aSTAINED GLASS
650 _aSYNAGOGUES
690 _aCONSERVATION
700 _aTaylor, Jonathan
_xEditor
700 _aBurman, Peter
700 _aPledger, Graham
700 _aDemaus, Robert
700 _aStanley, Richard
700 _aCaroe, Martin
700 _aJamilly, Edward
700 _aCunnington, John
700 _aHorner, Michael
700 _aFawcett, Jane
700 _aCox, Dennis
700 _aTaylor, Jonathan
700 _aCunliffe, Jocelyn
942 _n0
948 _c04/03/1997
999 _c90840
_d90840